LEADER 01572nam a2200301 i 4500 001 000000133934 003 CaOOAMICUS 005 20210322162243.0 008 050119s1985 it u000 u ita u 013 $a106955 040 $aSeMil$bita 100 1 $aSpadolini, Giovanni <1925-1994>.$0(OLS)http://semarc/name/3766 245 13$aLa Firenze di Gino Capponi fra restaurazione e romanticismo :$bgli anni dell'Antologia /$cGiovanni Spadolini. 260 $a[Firenze] :$bCassa di Risparmio di Firenze,$c1985. 300 $aXVI, 341 p., con 350 illustrazioni fuori testo ;$c25 cm. 490 0 $aOpere illustrate di Giovanni Spadolini ;$v.[7] 500 $aFondo Card. C.M. Martini (3U V 358) 600 14$aCapponi, Gino <1792-1876>.$0(OLS)http://semarc/subject/8323 650 4$aFirenze - Vita artistica e culturale - Sec. 19.$0(OLS)http://semarc/subject/26276 650 4$aAntologia .$0(OLS)http://semarc/subject/26277 830 0$aOpere illustrate di Giovanni Spadolini ;$v.[7].$0(OLS)http://semarc/title/17040 850 $aSeMil 852 $aSeMil$W1$xVenegono$y1$m3U V 358$j87721$B87721$CSeMilBibl$Z2$F91699 $8I 941 1 $a4 961 $aOmaggio Martini Card. Carlo Maria. -- Con dedica autografa dell'autore (Giovanni Spadolini) al card. C.M. Martini (Natale 1985) 996 $6245$aLa Firenze di Gino Capponi fra restaurazione e romanticismo :$bgli anni dell'Antologia$9(OLS)http://semarc/title/195966 996 $6260$a[Firenze] :$bCassa di Risparmio di Firenze$9(OLS)http://semarc/publisher/33169 LEADER 01234nam a2200229 i 4500 001 000000231398 003 CaOOAMICUS 005 20140724000000.0 008 140724s1966 it u000 u eng u 013 $a210301 040 $aSeMil$bita 100 1 $aTaylor, Vincent.$0(OLS)http://semarc/name/32606 245 14$aThe Gospel According to St. Mark /$cThe Greek Text With Introduction, Notes and Indexes By Vincent Taylor Ph. D.,D.D. (Lond.), Hon. D.D. (Leeds), Hon. D.D. (Dublin), Hon. D.D. (Glasgow), F.B.A. 250 $aSecond Edition. 260 $aMacmillan :$bSt. Martin's Press,$c1966. 300 $aXXI, 700 p. ;$c22 cm. 500 $aContiene : Select Bibliography. - In mezzo al front : Formerly principal and Ferens Professor of New Testament Language and Literature at Wesley College, Headingley, Leeds. 650 4$aBibbia. Nuovo Testamento. Vangelo secondo Marco - Commentari, studi, critica, interpretazioni.$0(OLS)http://semarc/subject/143 850 $aSeMil 852 $aSeMil$W1$xVenegono$y1$m2Z II 109$j181744$B181744$CSeMilBibl$Z2$F192518 $81 996 $6245$aThe Gospel According to St. Mark$9(OLS)http://semarc/title/330460 996 $6260$aMacmillan :$bSt. Martin's Press$9(OLS)http://semarc/publisher/53875